| 000 | 00560nam a2200169Ia 4500 | ||
|---|---|---|---|
| 008 | 210719s2001 xx 000 0 und d | ||
| 020 | _a0-521-79687-3 | ||
| 041 | _aeng | ||
| 082 | _a363.7 JAMM | ||
| 100 | _aJAMISON (Andrew) | ||
| 245 | _aMaking of green knowledge: environmental politics and cultural transformation | ||
| 260 |
_aUK _bCambridge University Press _c2001 |
||
| 300 |
_axi,205 _bPB |
||
| 650 | _aEnvironment | ||
| 650 | _aSocial Work | ||
| 906 | _aand ; cultural ; environmental ; green ; knowledge: ; Making ; of ; politics ; transformation | ||
| 999 |
_c215264 _d215264 |
||